000
00227nam a2200097Ia 4500
008
190216s9999||||xx |||||||||||||| ||und||
100
_a
Khanna. Ml
245
0
_a
Theory Of Equation
260
_b
Pragathi Prakashan
942
_c
BK
999
_c
32593
_d
32593